000
00235nmm a2200085Ia 4500
008
220120s9999||||xx |||||||||||||||||und||
100
_a
Givone, Donald, P
245
0
_a
Digital principles and design
260
_a
Tata mc graw hill
_b
New Delhi
999
_c
138468
_d
138468